[Event "X C.to Europeo a squadre seniores"]
[Site "Dresda GER"]
[Date "2008.02.18"]
[Round "8.4"]
[White "Guaglianone, Mario"]
[Black "Niebling, Ferdinand"]
[Result "1-0"]
[WhiteElo "2033"]
[BlackElo "2225"]
[Annotator "ITA-GER6"]
[PlyCount "69"]
[EventDate "2008.02.11"]

1. d4 d5 2. Nf3 Nf6 3. Bf4 c5 4. e3 Nc6 5. c3 Qb6 6. Qb3 c4 7. Qxb6 axb6 8. Na3
e5 9. Nb5 Ra5 10. Nc7+ Kd7 11. dxe5 Ne4 12. Nxd5 Rxd5 13. Bxc4 Ra5 14. Bxf7 Ke7
15. Bb3 Be6 16. Bc2 g5 17. Nxg5 Nxg5 18. Bxg5+ Kf7 19. f4 Be7 20. Bxe7 Kxe7 21.
a3 Raa8 22. O-O-O Na5 23. Rd6 Nc4 24. f5 Bf7 25. f6+ Ke8 26. Rd4 Nxe3 27. Be4
Rb8 28. Re1 Ng4 29. h3 Nf2 30. e6 Bg6 31. Bxg6+ hxg6 32. Rf1 Nxh3 33. gxh3 Rxh3
34. Rd7 Re3 35. Rh7 1-0

[Event "X C.to Europeo a squadre seniores"]
[Site "Dresda GER"]
[Date "2008.02.19"]
[Round "9.1"]
[White "Clemens, Christian"]
[Black "Rosino, Antonio"]
[Result "0-1"]
[WhiteElo "2303"]
[BlackElo "2267"]
[Annotator "ITA-GER8"]
[PlyCount "64"]
[EventDate "2008.02.11"]

1. Nf3 Nf6 2. g3 g6 3. Bg2 Bg7 4. O-O d5 5. d4 O-O 6. c4 c6 7. b3 Ne4 8. Bb2
Nd7 9. Nbd2 Ndf6 10. e3 Qa5 11. Nxe4 Nxe4 12. a3 dxc4 13. Ne5 c3 14. b4 Qc7 15.
Bc1 Bxe5 16. Bxe4 Bg7 17. f4 a5 18. Rb1 axb4 19. axb4 Be6 20. Qc2 Bd5 21. Bxd5
cxd5 22. b5 Qc4 23. Rb3 Rfc8 24. Ba3 e6 25. Rc1 Bf8 26. Bxf8 Kxf8 27. Kf2 Ra5
28. b6 Rb5 29. Rcb1 Rxb3 30. Rxb3 Kg7 31. g4 Qxb3 32. Qxb3 c2 0-1

[Event "X C.to Europeo a squadre seniores"]
[Site "Dresda GER"]
[Date "2008.02.19"]
[Round "9.2"]
[White "Barlocco, Carlo"]
[Black "Dornieden, Manfred"]
[Result "1/2-1/2"]
[WhiteElo "2124"]
[BlackElo "2264"]
[Annotator "ITA-GER8"]
[PlyCount "80"]
[EventDate "2008.02.11"]

1. d4 d6 2. Nf3 Bg4 3. e3 Nf6 4. Nc3 g6 5. b3 Bg7 6. Bb2 O-O 7. h3 Bd7 8. Be2
Qc8 9. O-O Nc6 10. Na4 Re8 11. c4 e5 12. dxe5 Nxe5 13. Nxe5 dxe5 14. Bf3 Bxa4
15. bxa4 e4 16. Be2 Nd7 17. Bxg7 Kxg7 18. Qd4+ Kg8 19. Rfd1 Nf8 20. Rab1 b6 21.
a5 c5 22. Qd5 Qc7 23. Qd6 Qxd6 24. Rxd6 Re6 25. Rxe6 Nxe6 26. axb6 axb6 27.
Rxb6 Rxa2 28. Bg4 Nf8 29. Bc8 Rc2 30. Bb7 Rxc4 31. Bd5 Rc1+ 32. Kh2 c4 33. Rb7
Ne6 34. Bxe6 fxe6 35. Re7 c3 36. Rxe6 c2 37. Rc6 g5 38. Kg3 h5 39. Rc7 Kf8 40.
Rc4 Kf7 1/2-1/2

[Event "X C.to Europeo a squadre seniores"]
[Site "Dresda GER"]
[Date "2008.02.19"]
[Round "9.3"]
[White "Durst, Uwe"]
[Black "Laco, Giuseppe"]
[Result "1-0"]
[WhiteElo "2159"]
[BlackElo "2154"]
[Annotator "ITA-GER8"]
[PlyCount "81"]
[EventDate "2008.02.11"]

1. f4 b5 2. b3 Bb7 3. Bb2 e6 4. e3 Qh4+ 5. g3 Qd8 6. Nf3 a6 7. Bg2 f5 8. O-O
Nf6 9. Qe2 Bc5 10. d4 Ba7 11. Nbd2 O-O 12. c4 Re8 13. Rfe1 b4 14. a3 a5 15.
axb4 axb4 16. Ra4 Bc6 17. Ne5 d5 18. Rxb4 Bd7 19. Nxd7 Nbxd7 20. Ra1 Bb6 21. c5
Rxa1+ 22. Bxa1 Ba5 23. Ra4 Bxd2 24. Qxd2 c6 25. Bc3 Qb8 26. Qa2 Ne4 27. Be1
Ndf6 28. h3 g5 29. Ra6 Rc8 30. Qa4 Qc7 31. Qa5 Qd7 32. Ra7 Qe8 33. Qb6 Qg6 34.
Qb7 Re8 35. Qxc6 gxf4 36. gxf4 Kh8 37. Ra8 Kg7 38. Rxe8 Nxe8 39. Qd7+ Kh6 40.
c6 Ng7 41. c7 1-0

[Event "X C.to Europeo a squadre seniores"]
[Site "Dresda GER"]
[Date "2008.02.19"]
[Round "9.4"]
[White "Guaglianone, Mario"]
[Black "Peleikis, Horst"]
[Result "1/2-1/2"]
[WhiteElo "2033"]
[BlackElo "2100"]
[Annotator "ITA-GER8"]
[PlyCount "67"]
[EventDate "2008.02.11"]

1. d4 Nf6 2. Nf3 g6 3. c3 Bg7 4. Bf4 d6 5. h3 Nbd7 6. e3 O-O 7. Bc4 Qe8 8. O-O
Nb6 9. Bb3 Bd7 10. Re1 e5 11. dxe5 dxe5 12. Bxe5 Rc8 13. Nbd2 Qe7 14. Qc2 Bc6
15. c4 Nbd7 16. Bc3 Nc5 17. Nd4 Be4 18. Nxe4 Nfxe4 19. Ne2 Nxc3 20. Nxc3 c6 21.
Rad1 Rcd8 22. a3 Rfe8 23. Ba2 Nd7 24. Rd2 Nc5 25. Red1 Rxd2 26. Qxd2 Be5 27. b4
Qf6 28. bxc5 Bxc3 29. Qd7 Qe7 30. Kf1 Bf6 31. Qxe7 Rxe7 32. Rb1 Rd7 33. Bb3 Be7
34. Rd1 1/2-1/2

[Event "IV Open A Primavera"]
[Site "Como ITA"]
[Date "2008.02.15"]
[Round "1"]
[White "Canali, Marco"]
[Black "Casella, Vincenzo"]
[Result "1-0"]
[WhiteElo "1862"]
[BlackElo "1527"]
[PlyCount "45"]
[EventDate "2008.02.15"]

1. e4 d5 2. e5 d4 3. c3 g6 4. Bc4 b6 5. Bxf7+ Kxf7 6. Qf3+ Bf5 7. Qxa8 dxc3 8.
Nxc3 e6 9. Nge2 Bg7 10. d4 Ne7 11. Qf3 Kg8 12. Bg5 h6 13. Bxe7 Qxe7 14. g4 Bc2
15. Rc1 Ba4 16. Nxa4 Qb4+ 17. Nac3 Qxb2 18. Ne4 Bxe5 19. dxe5 Qxe5 20. Qf4 Qa5+
21. Kf1 b5 22. Rxc7 Nd7 23. Rxd7 1-0

[Event "IV Open A Primavera"]
[Site "Como ITA"]
[Date "2008.02.15"]
[Round "1"]
[White "Ghelfi, Giancarlo"]
[Black "Cervini, Gian Piero"]
[Result "1-0"]
[WhiteElo "1526"]
[BlackElo "1767"]
[PlyCount "85"]
[EventDate "2008.02.15"]

1. e4 d6 2. d4 Nf6 3. Nc3 g6 4. g3 Bg7 5. Bg2 c6 6. a4 O-O 7. Nge2 Nbd7 8. O-O
e5 9. h3 Qc7 10. Be3 Nb6 11. b3 exd4 12. Bxd4 Be6 13. Qd2 Rad8 14. Rad1 d5 15.
e5 Nfd7 16. f4 f6 17. exf6 Nxf6 18. Qc1 Nc8 19. Be5 Qd7 20. Kh2 Ne7 21. Rfe1
Nf5 22. Bxf6 Bxf6 23. Ne4 Bg7 24. Nc5 Qe7 25. Nxe6 Qxe6 26. Nd4 Qd6 27. Ne6 g5
28. Nxd8 gxf4 29. Nxb7 Qg6 30. Qxf4 Nh6 31. Qd6 Rf6 32. Qb8+ Rf8 33. Qxa7 Nf5
34. Rd3 h5 35. Rf1 Be5 36. Qf2 h4 37. Kh1 Bxg3 38. Qf3 Kh7 39. Qg4 Qf7 40. Nd6
Bxd6 41. Rdf3 Bf4 42. Rxf4 Ng3+ 43. Qxg3 1-0

[Event "IV Open A Primavera"]
[Site "Como ITA"]
[Date "2008.02.15"]
[Round "1"]
[White "Mason, Giovanni"]
[Black "Bellotto, Stefano"]
[Result "1/2-1/2"]
[WhiteElo "1562"]
[BlackElo "1993"]
[PlyCount "120"]
[EventDate "2008.02.15"]

1. e4 g6 2. g3 Bg7 3. Bg2 d6 4. c3 Nf6 5. d4 O-O 6. Nd2 Nc6 7. Ngf3 e5 8. d5
Nb8 9. O-O a5 10. Re1 Na6 11. a4 Nc5 12. Qc2 Bd7 13. Bf1 Qe8 14. b3 Nh5 15. Ba3
b6 16. Bxc5 bxc5 17. Nc4 f5 18. Bd3 fxe4 19. Bxe4 Nf6 20. Nh4 Nxe4 21. Qxe4 g5
22. Ng2 Qf7 23. Ra2 Bf5 24. Qf3 e4 25. Qd1 Bxc3 26. Rf1 Bd4 27. Nge3 Bh3 28.
Re1 h5 29. Na3 Bc3 30. Ree2 Bd7 31. Nac4 Qg6 32. Rac2 Bd4 33. Red2 Rf3 34. Rxd4
cxd4 35. Qxd4 Rf7 36. Nd2 Bf5 37. Nxf5 Qxf5 38. Nxe4 Re8 39. Re2 Re5 40. Nc3
Rxe2 41. Nxe2 Qb1+ 42. Kg2 Qxb3 43. Qe4 Qb2 44. Qg6+ Qg7 45. Qxh5 Qf6 46. f4
gxf4 47. Qg4+ Rg7 48. Qxf4 Qxf4 49. Nxf4 Re7 50. Ne6 Kf7 51. Nd8+ Kf6 52. Nc6
Re4 53. Nxa5 Rxa4 54. Nb3 Rb4 55. Na5 Rb5 56. Nc4 Rxd5 57. h4 Rd4 58. Ne3 c5
59. Kf3 c4 60. h5 c3 1/2-1/2

[Event "IV Open A Primavera"]
[Site "Como ITA"]
[Date "2008.02.15"]
[Round "1"]
[White "Rossi, Giampiero"]
[Black "Corti, Filippo"]
[Result "1-0"]
[WhiteElo "2003"]
[BlackElo "1592"]
[PlyCount "95"]
[EventDate "2008.02.15"]

1. d4 Nf6 2. c4 g6 3. g3 Bg7 4. Bg2 d6 5. Nc3 O-O 6. Nf3 Nbd7 7. O-O e5 8. Qc2
exd4 9. Nxd4 Nb6 10. b3 Rb8 11. Rd1 Bd7 12. Bb2 Qc8 13. e4 Bh3 14. f3 Bxg2 15.
Kxg2 Nbd7 16. Nd5 Re8 17. Nb5 Nxd5 18. cxd5 Bxb2 19. Nxa7 Qd8 20. Qxb2 Qg5 21.
Qd2 Qe5 22. Nb5 Rbc8 23. Rac1 Nc5 24. Qd4 Qxd4 25. Rxd4 f5 26. Nc3 fxe4 27.
Nxe4 Nxe4 28. Rxe4 Rxe4 29. fxe4 c5 30. dxc6 bxc6 31. Kf3 Kf7 32. Ke3 Ke6 33.
Rc4 Kd7 34. Ra4 Rc7 35. b4 Rb7 36. a3 Kc7 37. Kd4 Kb6 38. Ra8 Kb5 39. Kc3 Rf7
40. a4+ Kb6 41. a5+ Kb7 42. Rh8 Ka6 43. Rb8 Rf3+ 44. Kd4 Rf2 45. Rb6+ Ka7 46.
Rxc6 Rxh2 47. Rxd6 Rb2 48. Kc5 1-0

[Event "IV Open A Primavera"]
[Site "Como ITA"]
[Date "2008.02.22"]
[Round "2"]
[White "Bellotto, Stefano"]
[Black "Ghelfi, Giancarlo"]
[Result "1/2-1/2"]
[WhiteElo "1993"]
[BlackElo "1526"]
[PlyCount "44"]
[EventDate "2008.02.15"]

1. d4 Nf6 2. c4 g6 3. Nc3 Bg7 4. e4 d6 5. Nge2 O-O 6. Ng3 e5 7. d5 a5 8. Be2
Na6 9. Be3 Nd7 10. O-O f5 11. exf5 gxf5 12. f4 e4 13. Rb1 b6 14. Nb5 Nf6 15.
Nd4 Ng4 16. Bxg4 fxg4 17. f5 Qh4 18. Nxe4 Be5 19. g3 Qh5 20. f6 Nc5 21. Nxc5
bxc5 22. Nb5 Bf5 1/2-1/2

[Event "IV Open A Primavera"]
[Site "Como ITA"]
[Date "2008.02.22"]
[Round "2"]
[White "Casella, Vincenzo"]
[Black "Calabrese, Salvatore"]
[Result "1-0"]
[WhiteElo "1527"]
[BlackElo "1299"]
[PlyCount "61"]
[EventDate "2008.02.15"]

1. d4 g6 2. Nf3 d5 3. c3 Bg7 4. Bf4 c6 5. Nbd2 Bf5 6. Qb3 Qb6 7. e3 Nf6 8. Be2
Ne4 9. O-O O-O 10. Nxe4 Bxe4 11. Nd2 e6 12. f3 g5 13. Bxg5 Bg6 14. Be7 Re8 15.
Bc5 Qc7 16. Qa3 Qd8 17. Bd6 e5 18. Rf2 Qg5 19. Nf1 f5 20. f4 exf4 21. Bxf4 Qh4
22. Qb3 b6 23. Qc2 Nd7 24. Bd3 Rf8 25. Ng3 Rae8 26. Nxf5 Qg4 27. Nxg7 Kxg7 28.
Raf1 Be4 29. Qd2 Re6 30. Qe2 Qf5 31. Bh6+ 1-0

[Event "IV Open A Primavera"]
[Site "Como ITA"]
[Date "2008.02.22"]
[Round "2"]
[White "Cremaschi, Paolo"]
[Black "Mason, Giovanni"]
[Result "1-0"]
[WhiteElo "1618"]
[BlackElo "1562"]
[PlyCount "73"]
[EventDate "2008.02.15"]

1. d4 d5 2. Nf3 Nf6 3. e3 Bf5 4. Bd3 Bxd3 5. cxd3 g6 6. Nc3 Bg7 7. O-O O-O 8.
Bd2 Nbd7 9. Qb3 Nb6 10. a4 a5 11. Rac1 c6 12. Na2 e6 13. Qc2 Re8 14. Bc3 Nfd7
15. Nd2 e5 16. dxe5 Bxe5 17. Bxe5 Nxe5 18. d4 Ng4 19. Nf3 Nc4 20. Nc3 Ncxe3 21.
fxe3 Nxe3 22. Qd2 Nxf1 23. Rxf1 Qc7 24. Ne5 Re7 25. Ng4 h5 26. Nf6+ Kg7 27. Qg5
Rh8 28. Ncxd5 cxd5 29. Nxd5 Qd6 30. Nxe7 Qxd4+ 31. Kh1 Qb6 32. Nf5+ Kg8 33.
Nh6+ Rxh6 34. Qxh6 Qxb2 35. Qg5 Qe2 36. Qd8+ Kg7 37. Qf6+ 1-0

[Event "IV Open A Primavera"]
[Site "Como ITA"]
[Date "2008.02.22"]
[Round "2"]
[White "Luppi, Dario"]
[Black "Canali, Marco"]
[Result "1/2-1/2"]
[WhiteElo "1727"]
[BlackElo "1862"]
[PlyCount "69"]
[EventDate "2008.02.15"]

1. f4 e5 2. fxe5 d6 3. exd6 Bxd6 4. Nf3 g5 5. g3 Nc6 6. c3 g4 7. Nh4 Nge7 8. d4
Ng6 9. Nxg6 hxg6 10. Qd3 Rh7 11. Bg2 Qf6 12. Nd2 Qh8 13. Nf1 Bd7 14. Bg5 Rh5
15. Bd2 O-O-O 16. e4 Re8 17. O-O-O f5 18. e5 Bf8 19. Bxc6 bxc6 20. Qa6+ Kb8 21.
Be3 Bh6 22. Qe2 Qg8 23. b3 Qd5 24. Nd2 Qa5 25. Kb2 Bf8 26. Nc4 Qa6 27. Qf1 Be6
28. Rd2 Bd5 29. Rg1 Be7 30. Rf2 Reh8 31. Nd2 Qa3+ 32. Kb1 Rxh2 33. c4 Be6 34.
Rxh2 Rxh2 35. Rh1 1/2-1/2

[Event "IV Open A Primavera"]
[Site "Como ITA"]
[Date "2008.02.22"]
[Round "2"]
[White "Pede, Lucio"]
[Black "Rossi, Giampiero"]
[Result "0-1"]
[WhiteElo "1664"]
[BlackElo "2003"]
[PlyCount "120"]
[EventDate "2008.02.15"]

1. e4 c5 2. Nc3 e6 3. g3 Nc6 4. Bg2 g6 5. Nge2 Bg7 6. d3 Nge7 7. Be3 d6 8. Qd2
O-O 9. Bh6 f6 10. Bxg7 Kxg7 11. h4 Ng8 12. Nf4 e5 13. Nfd5 Be6 14. h5 g5 15. f4
h6 16. Bh3 Nd4 17. O-O-O Bxh3 18. Rxh3 b5 19. Ne3 Ne7 20. Ncd5 Nxd5 21. Nxd5 b4
22. Rhh1 Qa5 23. Kb1 Rab8 24. fxg5 fxg5 25. Rhf1 Qd8 26. Rf2 Rxf2 27. Qxf2 Qf8
28. Rf1 Qxf2 29. Rxf2 Rf8 30. Rxf8 Kxf8 31. g4 Nc6 32. Ne3 Ne7 33. a3 bxa3 34.
b3 Kf7 35. Ka2 Ke6 36. c4 Nc6 37. Kxa3 Nb4 38. Nf5 Nxd3 39. Nxh6 Nf2 40. Nf5
Nxg4 41. h6 Nf6 42. Ka4 g4 43. Ka5 Kf7 44. Nxd6+ Kg6 45. h7 Kxh7 46. Nf7 Nxe4
47. Nxe5 g3 48. Nf3 g2 49. Ng1 Kg6 50. b4 cxb4 51. Kxb4 Kf5 52. Kb5 Ke5 53. c5
Kd5 54. c6 Nd6+ 55. Ka6 Kxc6 56. Kxa7 Kd5 57. Kb6 Ke4 58. Kc5 Nf7 59. Nh3 Ke3
60. Kc4 Ng5 0-1

[Event "IV Open A Primavera"]
[Site "Como ITA"]
[Date "2008.02.29"]
[Round "3"]
[White "Canali, Marco"]
[Black "Bellotto, Stefano"]
[Result "1/2-1/2"]
[WhiteElo "1862"]
[BlackElo "1993"]
[PlyCount "40"]
[EventDate "2008.02.15"]

1. e4 d6 2. d4 Nf6 3. Nc3 c6 4. a4 a5 5. g3 Nbd7 6. Bg2 e5 7. Nge2 Be7 8. O-O
O-O 9. h3 Re8 10. g4 exd4 11. Nxd4 Nc5 12. g5 Nfd7 13. Nf5 Nf8 14. Bf4 Bxf5 15.
exf5 d5 16. Qg4 Bd6 17. Rfe1 Bxf4 18. Qxf4 Qb6 19. Qd2 Qb4 20. b3 Rad8 1/2-1/2

[Event "IV Open A Primavera"]
[Site "Como ITA"]
[Date "2008.02.30"]
[Round "3"]
[White "Corti, Filippo"]
[Black "Pede, Lucio"]
[Result "1/2-1/2"]
[WhiteElo "1592"]
[BlackElo "1664"]
[PlyCount "35"]
[EventDate "2008.02.15"]

1. Nf3 c5 2. g3 d5 3. Bg2 Nf6 4. d3 e6 5. Nbd2 Be7 6. O-O Nc6 7. Re1 Bd7 8. e4
d4 9. a4 b6 10. Nc4 Rc8 11. Bf4 O-O 12. Nd6 Bxd6 13. Bxd6 Ne7 14. e5 Ne8 15.
Bxe7 Qxe7 16. b3 Bc6 17. Qd2 Qb7 18. Nh4 1/2-1/2

[Event "IV Open A Primavera"]
[Site "Como ITA"]
[Date "2008.02.29"]
[Round "3"]
[White "Ghelfi, Giancarlo"]
[Black "Cremaschi, Paolo"]
[Result "0-1"]
[WhiteElo "1526"]
[BlackElo "1618"]
[PlyCount "76"]
[EventDate "2008.02.15"]

1. e4 g6 2. d4 c6 3. Nc3 Bg7 4. g3 d5 5. e5 Nh6 6. h3 O-O 7. Bg2 f6 8. Nf3 Nf7
9. exf6 Bxf6 10. O-O e5 11. dxe5 Nxe5 12. Nxe5 Bxe5 13. Ne2 Bg7 14. c3 Nd7 15.
Be3 Nf6 16. b3 Be6 17. Nf4 Qd7 18. Re1 Rae8 19. Nxe6 Rxe6 20. Bd4 Qf7 21. f4
Nd7 22. Rxe6 Qxe6 23. Bxg7 Kxg7 24. Qd4+ Nf6 25. Qxa7 Rf7 26. Qd4 Re7 27. Kh2
Qe2 28. Qd1 Qf2 29. Qf3 Qd2 30. c4 Re2 31. cxd5 Rf2 32. Rd1 Rxg2+ 33. Kh1 Rh2+
34. Kg1 Qc2 35. d6 Rxh3 36. Re1 Qh2+ 37. Kf1 Rxg3 38. Qxg3 Qxg3 0-1

[Event "IV Open A Primavera"]
[Site "Como ITA"]
[Date "2008.02.29"]
[Round "3"]
[White "Mason, Giovanni"]
[Black "Casella, Vincenzo"]
[Result "1-0"]
[WhiteElo "1562"]
[BlackElo "1527"]
[PlyCount "79"]
[EventDate "2008.02.15"]

1. e4 d5 2. e5 Bf5 3. d4 c6 4. Bd3 Bxd3 5. Qxd3 e6 6. Nf3 Qc7 7. O-O Ne7 8. g4
Nd7 9. c3 f6 10. Bf4 Ng6 11. Bg3 fxe5 12. Nxe5 Ndxe5 13. Qe3 Bd6 14. dxe5 Be7
15. f4 Qa5 16. b4 Qd8 17. f5 exf5 18. gxf5 Bg5 19. Qe2 Nh4 20. Qg4 O-O 21. Na3
h5 22. Qh3 Nxf5 23. Rxf5 Rxf5 24. Qxf5 Qb6+ 25. Kg2 Qe3 26. Rf1 Bh6 27. Nc2
Qd2+ 28. Rf2 Qxc3 29. Qf7+ Kh8 30. Qxh5 Qd3 31. Qf5 Qc4 32. e6 Qxa2 33. e7 Qc4
34. Qg6 Kg8 35. Qe6+ Kh7 36. Rf8 Qxc2+ 37. Kh3 Qd1 38. e8=Q Rxe8 39. Qxe8 Qh5+
40. Qxh5 1-0

[Event "IV Open A Primavera"]
[Site "Como ITA"]
[Date "2008.02.29"]
[Round "3"]
[White "Rossi, Giampiero"]
[Black "Luppi, Dario"]
[Result "1-0"]
[WhiteElo "2003"]
[BlackElo "1727"]
[PlyCount "101"]
[EventDate "2008.02.15"]

1. d4 Nf6 2. c4 Nc6 3. Nf3 e6 4. Nc3 Bb4 5. Bg5 h6 6. Bxf6 Qxf6 7. e3 d6 8. Be2
Bxc3+ 9. bxc3 e5 10. O-O O-O 11. Qa4 Ne7 12. Rfe1 e4 13. Nd2 Qg6 14. Qc2 Bh3
15. Qxe4 Qxe4 16. Nxe4 Bf5 17. Ng3 Bh7 18. Rac1 c6 19. e4 f5 20. f3 f4 21. Nf1
g5 22. h3 Kg7 23. Nh2 Ng6 24. Ng4 h5 25. Nf2 Bg8 26. Rb1 Rf7 27. Rb2 Rc7 28.
Reb1 Rb8 29. a4 Be6 30. a5 Bc8 31. Nd3 Kf6 32. c5 d5 33. e5+ Ke6 34. a6 Ne7 35.
axb7 Rcxb7 36. Rxb7 Rxb7 37. Rxb7 Bxb7 38. h4 a5 39. hxg5 a4 40. Bd1 a3 41. Bb3
Kf5 42. Nb4 Kxg5 43. Nc2 Nf5 44. Nxa3 Ne3 45. c4 dxc4 46. Bxc4 h4 47. Bd3 Nd5
48. Nc2 Bc8 49. Kf2 Bd7 50. Be4 Nc3 51. Nb4 1-0

[Event "IV Open A Primavera"]
[Site "Como ITA"]
[Date "2008.03.07"]
[Round "4"]
[White "Bellotto, Stefano"]
[Black "Luppi, Dario"]
[Result "1/2-1/2"]
[WhiteElo "1993"]
[BlackElo "1727"]
[PlyCount "26"]
[EventDate "2008.02.15"]

1. d4 Nf6 2. Nf3 e6 3. e3 c5 4. Bd3 Nc6 5. O-O Qb6 6. c3 d5 7. a4 a5 8. Na3 Bd7
9. Ne5 Be7 10. Qc2 Rc8 11. Nb5 cxd4 12. Nxd7 Kxd7 13. cxd4 Nb4 1/2-1/2

[Event "IV Open A Primavera"]
[Site "Como ITA"]
[Date "2008.03.07"]
[Round "4"]
[White "Calabrese, Salvatore"]
[Black "Cervini, Gian Piero"]
[Result "0-1"]
[WhiteElo "1299"]
[BlackElo "1767"]
[PlyCount "54"]
[EventDate "2008.02.15"]

1. e4 d6 2. b3 c5 3. Bc4 Nf6 4. e5 dxe5 5. Bb2 Nc6 6. Nf3 Bg4 7. h3 Bxf3 8.
Qxf3 Nd4 9. Bxd4 Qxd4 10. Qxb7 Rd8 11. Bb5+ Nd7 12. Qxa7 Qxa1 13. O-O Qd4 14.
c3 Qd6 15. Rd1 g6 16. d4 cxd4 17. cxd4 e4 18. Nc3 f5 19. Qc5 Bg7 20. Nd5 Kf8
21. Nf4 Nxc5 22. g3 Ne6 23. Ne2 Nxd4 24. Nxd4 Bxd4 25. a4 Bxf2+ 26. Kxf2 Qxd1
27. g4 Qf3+ 0-1

[Event "IV Open A Primavera"]
[Site "Como ITA"]
[Date "2008.03.07"]
[Round "4"]
[White "Casella, Vincenzo"]
[Black "Ghelfi, Giancarlo"]
[Result "0-1"]
[WhiteElo "1527"]
[BlackElo "1526"]
[PlyCount "74"]
[EventDate "2008.02.15"]

1. c4 Nf6 2. Nf3 g6 3. e3 Bg7 4. d4 d6 5. Bd3 O-O 6. O-O Nbd7 7. Nc3 Qe8 8. Qc2
e5 9. d5 Nc5 10. e4 a5 11. Be3 b6 12. Bxc5 bxc5 13. a3 Bg4 14. Nd2 Bd7 15. b4
cxb4 16. axb4 axb4 17. Nb5 Bxb5 18. cxb5 Qd7 19. Rfb1 Rxa1 20. Rxa1 Nxd5 21.
Rb1 Nf4 22. Bf1 Rb8 23. Rxb4 Bf8 24. Rb1 Ne6 25. Qa4 Nd4 26. Qa6 Rb6 27. Qa7
Nxb5 28. Bxb5 Rxb5 29. Rxb5 Qxb5 30. Qxc7 Qe2 31. Qc1 Bh6 32. Qc8+ Kg7 33. Nf1
Qxe4 34. h3 Qd4 35. g4 Bg5 36. Qc2 Qc5 37. Qe2 37... Qa3 {...} 0-1

[Event "IV Open A Primavera"]
[Site "Como ITA"]
[Date "2008.03.07"]
[Round "4"]
[White "Corti, Filippo"]
[Black "Mason, Giovanni"]
[Result "1/2-1/2"]
[WhiteElo "1592"]
[BlackElo "1562"]
[PlyCount "121"]
[EventDate "2008.02.15"]

1. Nf3 Nf6 2. g3 g6 3. Bg2 Bg7 4. O-O c6 5. d4 d5 6. c3 Nbd7 7. Nbd2 O-O 8. Qc2
Re8 9. Re1 e5 10. dxe5 Nxe5 11. Nxe5 Rxe5 12. Nf3 Re8 13. Bg5 Qb6 14. Be3 Rxe3
15. fxe3 Qxe3+ 16. Kh1 Ng4 17. Rf1 Qe7 18. Qb3 Qe3 19. c4 dxc4 20. Qxc4 Nf2+
21. Rxf2 Qxf2 22. Rf1 Qe3 23. Ng5 Be6 24. Nxe6 Qxe6 25. Qxe6 fxe6 26. b3 Rd8
27. Bh3 Rd6 28. e4 h5 29. Rf2 e5 30. Bf1 b5 31. a4 a6 32. Kg2 Bh6 33. axb5 axb5
34. Rc2 Rd2+ 35. Rxd2 Bxd2 36. Kf2 Kf8 37. Ke2 Bb4 38. Kd3 Ke7 39. Be2 Kd6 40.
g4 hxg4 41. Bxg4 g5 42. h3 Kc5 43. Be6 Ba5 44. Ke3 Bc7 45. Kd3 Kd6 46. Bf7 Ke7
47. Bg8 Bd6 48. Ke3 Bc5+ 49. Kf3 Kd6 50. Kg4 Be3 51. h4 gxh4 52. Kxh4 Kc5 53.
Kg4 Kb4 54. Kf3 Bd4 55. Ke2 Bc5 56. Kd3 Ka5 57. Bf7 Kb4 58. Be6 Ka5 59. Bf7 Kb4
60. Be6 Ka5 61. Bf7 1/2-1/2

[Event "IV Open A Primavera"]
[Site "Como ITA"]
[Date "2008.03.07"]
[Round "4"]
[White "Cremaschi, Paolo"]
[Black "Rossi, Giampiero"]
[Result "0-1"]
[WhiteElo "1618"]
[BlackElo "2003"]
[PlyCount "82"]
[EventDate "2008.02.15"]

1. d4 d5 2. Nf3 c6 3. e3 Bf5 4. Bd3 Bxd3 5. Qxd3 Nf6 6. Nbd2 e6 7. O-O Be7 8.
e4 dxe4 9. Nxe4 Nbd7 10. c3 Nxe4 11. Qxe4 Nf6 12. Qe2 O-O 13. Bf4 Re8 14. h3
Qb6 15. Ne5 a5 16. Bg5 h6 17. Bxf6 Bxf6 18. Nd7 Qd8 19. Nxf6+ Qxf6 20. f4 Rad8
21. Rad1 Rd5 22. Rf3 Red8 23. Rdf1 g6 24. g4 Kh7 25. Qe4 Qh4 26. Qd3 f5 27.
gxf5 exf5 28. Re3 c5 29. Qe2 R8d7 30. Re1 cxd4 31. Re7+ Rxe7 32. Qxe7+ Qxe7 33.
Rxe7+ Kg8 34. cxd4 Rxd4 35. Rxb7 Rxf4 36. Kg2 Rb4 37. Rxb4 axb4 38. a4 bxa3 39.
bxa3 Kf7 40. Kf3 Ke6 41. h4 g5 0-1

[Event "IV Open A Primavera"]
[Site "Como ITA"]
[Date "2008.03.14"]
[Round "5"]
[White "Cervini, Gian Piero"]
[Black "Cremaschi, Paolo"]
[Result "0-1"]
[WhiteElo "1767"]
[BlackElo "1618"]
[PlyCount "58"]
[EventDate "2008.02.15"]

1. e4 g6 2. d4 d6 3. Nc3 Bg7 4. Bf4 Nf6 5. Qd2 Nbd7 6. e5 Ng4 7. h3 dxe5 8.
hxg4 exf4 9. Qxf4 Nf6 10. Be2 Nd5 11. Nxd5 Qxd5 12. Nf3 O-O 13. g5 c5 14. c4
Qd8 15. O-O-O Qa5 16. Rxh7 Kxh7 17. Rh1+ Kg8 18. Qh4 Rd8 19. Ne5 Bf5 20. Bg4
Rxd4 21. Qh7+ Kf8 22. Bxf5 Qd2+ 23. Kb1 gxf5 24. g6 Rg4 25. Nd7+ Qxd7 26. gxf7
Qd3+ 27. Ka1 Kxf7 28. Qh5+ Rg6 29. Rd1 Qc2 0-1

[Event "IV Open A Primavera"]
[Site "Como ITA"]
[Date "2008.03.14"]
[Round "5"]
[White "Ghelfi, Giancarlo"]
[Black "Corti, Filippo"]
[Result "0-1"]
[WhiteElo "1526"]
[BlackElo "1592"]
[PlyCount "64"]
[EventDate "2008.02.15"]

1. e4 c6 2. d4 d5 3. exd5 cxd5 4. c4 Nf6 5. Nc3 g6 6. Qb3 Bg7 7. cxd5 O-O 8.
Be2 Nbd7 9. Bf3 Nb6 10. Nge2 Bg4 11. Bxg4 Nxg4 12. Bf4 Nf6 13. d6 exd6 14.
O-O-O d5 15. Kb1 Nc4 16. Bg5 Qd7 17. Bxf6 Bxf6 18. Nf4 Qf5+ 19. Ka1 Na5 20.
Qxd5 Qxf4 21. Qxa5 Rfd8 22. Nd5 Qd6 23. Nxf6+ Qxf6 24. Qd2 Rd5 25. Rhe1 Rad8
26. Re4 Qd6 27. g3 f5 28. Rh4 Qf6 29. Qc2 g5 30. Rh5 Qg7 31. a3 Qg6 32. g4 fxg4
0-1

[Event "IV Open A Primavera"]
[Site "Como ITA"]
[Date "2008.03.14"]
[Round "5"]
[White "Luppi, Dario"]
[Black "Mason, Giovanni"]
[Result "1-0"]
[WhiteElo "1727"]
[BlackElo "1562"]
[PlyCount "67"]
[EventDate "2008.02.15"]

1. d4 d5 2. Bf4 Nc6 3. Nf3 e6 4. e3 Bd6 5. Bg3 Bxg3 6. hxg3 Qe7 7. a3 Nf6 8.
Nc3 b6 9. Bb5 Bd7 10. Qe2 Na5 11. Ne5 c6 12. Ba6 Rb8 13. b4 Nb7 14. O-O Nd6 15.
f3 b5 16. Nd3 Rb6 17. Nc5 O-O 18. a4 Bc8 19. axb5 Bxa6 20. Rxa6 cxb5 21. Rfa1
Rxa6 22. Rxa6 Rb8 23. e4 Nh5 24. exd5 Nxg3 25. Qe5 Ngf5 26. dxe6 f6 27. Qd5 Rd8
28. Rxa7 Ne3 29. Rxe7 Nxd5 30. Nxd5 Nf5 31. Rd7 Ra8 32. e7 Kf7 33. e8=Q+ Kxe8
34. Nc7+ 1-0

[Event "IV Open A Primavera"]
[Site "Como ITA"]
[Date "2008.03.14"]
[Round "5"]
[White "Pede, Lucio"]
[Black "Bellotto, Stefano"]
[Result "0-1"]
[WhiteElo "1664"]
[BlackElo "1993"]
[PlyCount "52"]
[EventDate "2008.02.15"]

1. e4 d6 2. d4 Nf6 3. Bd3 e5 4. Nf3 Nbd7 5. Nc3 c6 6. d5 Be7 7. O-O O-O 8. h3
Nc5 9. b4 Nxd3 10. Qxd3 cxd5 11. exd5 Re8 12. Ne4 Nxe4 13. Qxe4 f5 14. Qe2 Bf6
15. Bb2 Bd7 16. c4 a6 17. Nd2 Qb6 18. a3 a5 19. b5 Rac8 20. Qe3 Qxe3 21. fxe3
Bg5 22. Rac1 Bxe3+ 23. Rf2 e4 24. Nb3 Bxc1 25. Bxc1 Rxc4 26. Bf4 e3 0-1

[Event "IV Open A Primavera"]
[Site "Como ITA"]
[Date "2008.03.14"]
[Round "5"]
[White "Rossi, Giampiero"]
[Black "Canali, Marco"]
[Result "1/2-1/2"]
[WhiteElo "2003"]
[BlackElo "1862"]
[PlyCount "36"]
[EventDate "2008.02.15"]

1. d4 Nf6 2. c4 e6 3. Nc3 Bb4 4. Qc2 O-O 5. a3 Bxc3+ 6. Qxc3 Ne4 7. Qc2 f5 8.
Nf3 b6 9. g3 Bb7 10. Bg2 Nf6 11. O-O Be4 12. Qc3 d6 13. b4 a5 14. Bb2 Qe7 15.
Nd2 Bxg2 16. Kxg2 axb4 17. axb4 Nbd7 18. f3 c5 1/2-1/2

[Event "IV Open A Primavera"]
[Site "Como ITA"]
[Date "2008.03.28"]
[Round "6"]
[White "Bellotto, Stefano"]
[Black "Rossi, Giampiero"]
[Result "1/2-1/2"]
[WhiteElo "1993"]
[BlackElo "2003"]
[PlyCount "28"]
[EventDate "2008.02.15"]

1. d4 d5 2. c4 e6 3. Nc3 c6 4. cxd5 exd5 5. Qc2 g6 6. e3 Bf5 7. Bd3 Bxd3 8.
Qxd3 Nf6 9. Nf3 Nbd7 10. O-O Bg7 11. b3 O-O 12. Ba3 Re8 13. Nd2 Bf8 14. Bxf8
Nxf8 1/2-1/2